Normal view
MARC view
Entry Uniform Title
001 - CONTROL NUMBER
- control field: 8486
003 - CONTROL NUMBER IDENTIFIER
- control field: Ke-BoTe
005 - DATE AND TIME OF LATEST TRANSACTION
- control field: 20220615105814.0
008 - FIXED-LENGTH DATA ELEMENTS
- fixed length control field: 220615|| aca||aabn | a|a d
040 ## - CATALOGING SOURCE
- Original cataloging agency: Ke-BoTe
- Transcribing agency: Ke-BoTe
130 ## - HEADING--UNIFORM TITLE
- Uniform title: Jesus (Motion picture)
670 ## - SOURCE DATA FOUND
- Source citation: Work cat.: (Ke-BoTe)4092: Eshleman, Paul. 8485, The touch of Jesus /, c1995.
